000 00840nam a2200229Ii 4500
003 JO-AjNU
008 230605s9999||||xx |||||||||||||| ||und||
017 _a2008/9/3297
020 _a978-9957-506-03-2
040 _aJO-AjNU
_bara
_erda
_cJO-AjNU
041 _aara
050 1 4 _aBP940.2.A4274 2009
100 3 _aالعلاونة، رانية زيدان شحادة ,
_eauthor
_928898
245 0 0 _aإدارة المخاطر في المصارف الإسلامية
250 _aط1
264 3 1 _aعمان: عماد الدين للنشر والتوزيع ، 2009
300 _a231ص
_bقائمة المصادر والمراجع ص 201-231
336 _atext
_btxt
_2rdacontent
337 _aunmediated
_bn
_2rdamedia
338 _avolume
_bnc
_2rdacarrier
650 4 _aالبنوك الاسلامية- ادارة المخاطر
_928899
999 _aA11267
_c14835
_d14835